00779 2200253 4500001002100000005001700021008004100038020001800079035002400097040001500121082001200136090001900148100002300167245012200190250001100312260003900323300002300362500005100385650001900436700002300455700002000478850001200498990001500510YOGYA-0209000001349520090227022329.0 ind  a979-561-432-9 0010-020900000013495 aYOPPDIY(B) a297.431 a297.431bJah P aAJ-JAHRANI, Musfir aPoligami dari Berbagai PersepsicMusafir Aj-Jahrani ; penerjemah, Muhammad Suten Ritonga ; penyunting, Euis Erinawati aCet. 1 aJakartabGemani Insani Pressc1996 avi, 111 hlmc18 cm aaJudul asli : Nazhratun Fi Ta-Addudi Az-Zaujat aPoligami-Islam aRitonga, Muh.Suten aErinawati, Euis aYOPDYOG a00P0000467